LEADER 01102nam0-22003371i-450- 001 990003829520403321 005 20091012123447.0 010 $a88-464-1090-4 035 $a000382952 035 $aFED01000382952 035 $a(Aleph)000382952FED01 035 $a000382952 100 $a20030910d1998----km-y0itay50------ba 101 0 $aita 102 $aIT 105 $a--------001cy 200 1 $aProgettazione come impresa sociale$eistituzioni, spazio e preadolescenti in una ricerca intervento a Maranello$fVando Borghi 210 $aMilano$cFrancoAngeli$dc1998 215 $a144 p.$d22 cm 225 1 $aSociologia del lavoro$fcollana diretta da Michele La Rosa$iTeorie e ricerche$v36 320 $aContiene riferimenti bibl. (pp. 141-144) 610 0 $aAdolescenti$aMaranello$aTempo libero 676 $a305.235094542$v21$zita 700 1$aBorghi,$bVando$0128514 801 0$aIT$bUNINA$gRICA$2UNIMARC 901 $aBK 912 $a990003829520403321 952 $a305.235094542 BOR 1$b7947$fBFS 959 $aBFS 996 $aProgettazione come impresa sociale$9508142 997 $aUNINA LEADER 01298nam0 22003013i 450 001 MIL0746909 005 20231121125552.0 100 $a20120328d1999 ||||0itac50 ba 101 | $aita 102 $ait 181 1$6z01$ai $bxxxe 182 1$6z01$an 200 1 $a˜Un œnuovo capitolo della contesa fra le artes$efilosofia, retorica e medicina in ps. Quintiliano Decl. min. 268$fmemoria di Ida Mastrorosa 210 $aTorino$cAccademia delle Scienze$d1999 215 $a87 p.$d24 cm 300 $aEstr. da: Memorie scienze morali 23 (1999) 606 $aQuintiliano, Marco Fabio . Declamationes. 268$2FIR$3RMLC439818$9E 676 $a875.01$9Discorsi latini. Periodo romano, fino al 499 ca.$v22 700 1$aMastrorosa$b, Ida Gilda$3PARV300280$4070$01299521 801 3$aIT$bIT-01$c20120328 850 $aIT-RM0418 $aIT-FR0017 899 $aBIBLIOTECA ACCADEMIA NAZ. DEI LINCEI E CORSINIANA$bRM0418 899 $aBiblioteca umanistica Giorgio Aprea$bFR0017 $eN 912 $aMIL0746909 950 0$aBiblioteca umanistica Giorgio Aprea$d 52S.SIJ. LL3 Quint.Decl.Mas.$e 52SBA0000136275 VMN RS $fA $h20120328$i20120328 977 $a 10$a 52 996 $aNuovo capitolo della contesa fra le artes$93611034 997 $aUNICAS